000 004720000a22001570004500
003 MACL
005 20170823123701.0
008 170823b xxu||||| |||| 00| 0 eng d
040 _cmacl
100 _aमित्र,विमल
_967295
245 _aगणित जिदंगी का
260 _bनिखिल प्रकाशन
_c2002
_aदिल्‍ली
350 _a200
650 _aउपन्‍यास
_968773
942 _cHIN
_k800/MIT/N
_2ddc
999 _c9892
_d9892